Chinese Architecture Today (Record no. 16382)

MARC details
000 -LEADER
fixed length control field 00354nam a2200145Ia 4500
008 - FIXED-LENGTH DATA ELEMENTS--GENERAL INFORMATION
fixed length control field 220803s9999 xx 000 0 und d
020 ## - INTERNATIONAL STANDARD BOOK NUMBER
International Standard Book Number 9783035609790
041 ## - LANGUAGE CODE
Language code of text/sound track or separate title eng
082 ## - DEWEY DECIMAL CLASSIFICATION NUMBER
Classification number 722 SHU
100 ## - MAIN ENTRY--PERSONAL NAME
Personal name Shuyan S Ed.
9 (RLIN) 25609
245 ## - TITLE STATEMENT
Title Chinese Architecture Today
260 ## - PUBLICATION, DISTRIBUTION, ETC. (IMPRINT)
Place of publication, distribution, etc. Basel
Name of publisher, distributor, etc. Birkhauser Publisher
Date of publication, distribution, etc. 2016
300 ## - PHYSICAL DESCRIPTION
Extent 240p
500 ## - GENERAL NOTE
Keywords ARCHI
Holdings
Withdrawn status Lost status Damaged status Not for loan Collection code Home library Current library Date acquired Vendor Cost, normal purchase price Full call number Barcode Date last seen Cost, replacement price Bill Date Koha item type Original Barcode
      Reference Book of B Arch Dr. Bhanuben Nanavati College of Architecture Dr. Bhanuben Nanavati College of Architecture 30/01/2017 Suyog Enterprises 2520.28 720.96 SHU BNCA-BK-10083 03/08/2022 3706.29 23/01/2017 Reference book B10083